| 000 | 00941nam a2200301Ia 4500 | ||
|---|---|---|---|
| 001 | Para_1266 | ||
| 003 | CHAP | ||
| 008 | 220125s1998 xx 000 0 und d | ||
| 010 | _a199974 | ||
| 040 | _cCHAP | ||
| 090 | _aPA TESIS 1221 | ||
| 100 |
_aHerrera Corredor, Hugo _954855 |
||
| 245 |
_aExudados de raíces : _b interacción entre especies vegetales / _c por Hugo Herrera Corredor |
||
| 260 |
_aChapingo, Méx. : _b El autor |
||
| 300 | _a63 h. | ||
| 502 | _aTesis (Ing. Agr. Esp. en Parasitología Agrícola), UACh. Depto. Parasitología | ||
| 650 |
_aAlelopatia _93761 |
||
| 650 |
_aFisiología vegetal _941136 |
||
| 650 |
_aPlantas _x competencia _988798 |
||
| 710 |
_aUACh. Departamento Parasitología Agrícola _9164025 |
||
| 901 | _aPA TESIS 1221 | ||
| 902 | _aA | ||
| 905 | _a0000001998 i 0000000000 00 | ||
| 910 | _a1998 | ||
| 942 | _cPARA | ||
| 942 |
_cPARA _d1 |
||
| 999 |
_c199974 _d199974 |
||